601 जादुई विचार : (Record no. 66938)

MARC details
000 -LEADER
fixed length control field 01643nam a22002777a 4500
005 - DATE AND TIME OF LATEST TRANSACTION
control field 20120112143825.0
008 - FIXED-LENGTH DATA ELEMENTS--GENERAL INFORMATION
fixed length control field 120112t xxu||||| |||| 00| 0 mar d
010 ## - LCCN (DPL NO)
LC control number MAR-22129
020 ## - INTERNATIONAL STANDARD BOOK NUMBER
Terms of availability 100.00
International Standard Book Number 9788177865349
035 ## - SYSTEM CONTROL NUMBER
System control number MR-14787
037 ## - SOURCE OF ACQUISITION
Source of stock number/acquisition DBAD/PUB
040 ## - CATALOGING SOURCE
Original cataloging agency DPL
Language of cataloging MR
082 ## - DEWEY DECIMAL CLASSIFICATION NUMBER
Classification number 158.1
100 ## - MAIN ENTRY--PERSONAL NAME
9 (RLIN) 39079
Personal name बत्रा, प्रमोद
245 ## - TITLE STATEMENT
Title 601 जादुई विचार :
Statement of responsibility, etc प्रमोद बत्रा [तथा] विजय बत्रा ; सारंग टाकळकर द्वारा अनुवादित
Remainder of title सफल व्यक्त्तिमत्वासाठी यश,उत्कर्ष आणि संपत्ती वाढविण्यासाठी /
246 ## - VARYING FORM OF TITLE
Title proper/short title 601 Jadui Vichar : Safal Vyaktimatavasathi Yash,Utkarsh Aani Sampati Wadvinayasathi
Remainder of title by Pramod Batra and Vijay Batra
260 ## - PUBLICATION, DISTRIBUTION, ETC. (IMPRINT)
Place of publication, distribution, etc औरंगाबाद
Name of publisher, distributor, etc साकेत प्रकाशन
Date of publication, distribution, etc 2012
270 ## - ADDRESS
Address 115,म. गांधीनगर,स्टेशन रोड,
City औरंगाबाद
Postal code 431005
300 ## - PHYSICAL DESCRIPTION
Extent 144पृ
Dimensions 21सेमी(अजिल्द)
650 ## - SUBJECT ADDED ENTRY--TOPICAL TERM
Topical term or geographic name as entry element व्यक्त्तिमत्व विकास
9 (RLIN) 47543
650 ## - SUBJECT ADDED ENTRY--TOPICAL TERM
Topical term or geographic name as entry element Personality Development
9 (RLIN) 47544
700 ## - ADDED ENTRY--PERSONAL NAME
Personal name बत्रा, विजय
9 (RLIN) 47545
700 ## - ADDED ENTRY--PERSONAL NAME
Personal name टाकळकर, सारंग
9 (RLIN) 47546
942 ## - ADDED ENTRY ELEMENTS (KOHA)
Source of classification or shelving scheme Dewey Decimal Classification
Item type Marathi Books
Call number suffix बत्राप्र
Classification part 158.1
Holdings
Withdrawn status Lost status Source of classification or shelving scheme Damaged status Not for loan Collection code Home library Current library Date acquired Source of acquisition Cost, normal purchase price Total Checkouts Full call number Barcode Date last seen Copy number Cost, replacement price Koha item type
    Dewey Decimal Classification   Not For Loan Non-fiction D.B.Act.Division D.B.Act.Division 21/05/2012 DBAD / PUB 100.00   158.1 बत्राप्र MR-14787 21/05/2012 1 100.00 Marathi Books

© Delhi Public Library
Hit Counter
free hit counter